Edifícios com a telha (Registo nº 1394)
[ vista simples ]
| 000 -Etiqueta do registo | |
|---|---|
| Cabeçalho | 00726nam0a2200265 4500 |
| 005 - Identificador da versão | |
| Campo de controlo | 20240813121835.0 |
| 010 ## - Número internacional normalizado dos livros (ISBN) | |
| Número (ISBN) | 9721050180 |
| 021 ## - Número do Depósito Legal | |
| Código do país | PT |
| Número | 179984/02 |
| 100 ## - Dados gerais de processamento | |
| Dados gerais de processamento | 20160722d2002 me y0pory5003 ba |
| 102 ## - Pais de publicação ou produção | |
| País de publicação | Portugal |
| 101 1# - Língua de publicação | |
| Língua do texto, banda sonora, etc. | Português |
| Língua do documento no original | Inglês |
| 215 ## - Descrição física | |
| Indicação específica da natureza do documento e extensão da espécie | 154, [2] p. |
| Outras indicações físicas | il |
| 200 1# - Titulo e menção de responsabilidade | |
| Título próprio | Edifícios com a telha |
| Primeira menção de responsabilidade | Michael Cox |
| Outras menções de responsabilidade | il. Mike Phillips |
| 225 2# - Colecção | |
| Título próprio da colecção | Cultura horrível |
| Indicação de volume | 9 |
| 210 ## - Publicação, Distribuição, etc. | |
| Lugar da edição, distribuição, etc. | Mem Martins |
| Nome do editor, distribuidor, etc. | Europa-América |
| Data da publicação, distribuição, etc. | 2002 |
| 606 ## - Nome comum usado como assunto | |
| Número de registo de entrada de autoridade | 0003123 |
| Palavra de ordem | Arquitetura |
| Código do sistema | CA |
| 675 ## - Classificação Decimal Universal (CDU) | |
| Notação | 72 |
| 702 #1 - Nome de autor-pessoa física (responsabilidade secundária) | |
| Número de registo de entrada de autoridade | 0001977 |
| Palavra de ordem | Phillips |
| Outra parte do nome não tomada para palavra de ordem | Mike |
| Código de função | Ilustrador / Técnico de desenho computorizado |
| Número de registo de entrada de autoridade | 0001978 |
| ID Autoridade | 2 |
| Palavra de ordem | Teixeira |
| Outra parte do nome não tomada para palavra de ordem | João |
| Código de função | Tradutor |
| 700 #1 - Nome de autor-pessoa física (responsabilidade principal) | |
| Número de registo de entrada de autoridade | 0001976 |
| Palavra de ordem | Cox |
| Outra parte do nome não tomada para palavra de ordem | Michael |
| 966 ## - Identificação da Biblioteca | |
| Sigla | EB2,3ENM |
| 942 ## - Elementos de entrada adicionados (Koha) | |
| Tipo de item no Koha | Livro |
| Situação do levantamento | Origin of item (home branch) (coded) | Biblioteca de empréstimo | Código de barras | Cota | Circulation type (not for loan) | Tipo de documento | Nota do exemplar | Damaged status |
|---|---|---|---|---|---|---|---|---|
| Biblioteca Escolar Eng. Nuno Mergulhão | Biblioteca Escolar Eng. Nuno Mergulhão | BENM524 | 72 COX | Livro | Sem mensagem |
